<?xml version="1.0" encoding="UTF-8"?>
<record
    xmlns:xsi="http://www.w3.org/2001/XMLSchema-instance"
    xsi:schemaLocation="http://www.loc.gov/MARC21/slim http://www.loc.gov/standards/marcxml/schema/MARC21slim.xsd"
    xmlns="http://www.loc.gov/MARC21/slim">

  <leader>01514nam a22003017i 4500</leader>
  <datafield tag="999" ind1=" " ind2=" ">
    <subfield code="c">174064</subfield>
    <subfield code="d">174064</subfield>
  </datafield>
  <controlfield tag="003">PPAK</controlfield>
  <controlfield tag="005">20190829143542.0</controlfield>
  <controlfield tag="008">190829s2019    my a   g      001 0 may d</controlfield>
  <datafield tag="020" ind1=" " ind2=" ">
    <subfield code="a">9789674405908</subfield>
    <subfield code="c">RM26.00</subfield>
    <subfield code="q">paperback</subfield>
  </datafield>
  <datafield tag="040" ind1=" " ind2=" ">
    <subfield code="a">PPAK</subfield>
    <subfield code="b">eng</subfield>
    <subfield code="c">PPAK</subfield>
    <subfield code="e">rda</subfield>
  </datafield>
  <datafield tag="082" ind1="0" ind2="4">
    <subfield code="2">23</subfield>
    <subfield code="a">297.12261</subfield>
  </datafield>
  <datafield tag="090" ind1="0" ind2="0">
    <subfield code="a">297.12261</subfield>
    <subfield code="b">MUH</subfield>
    <subfield code="d">G</subfield>
  </datafield>
  <datafield tag="100" ind1="0" ind2=" ">
    <subfield code="a">Muhammad Widus Sempo,</subfield>
    <subfield code="c">Dr.,</subfield>
    <subfield code="e">author.</subfield>
  </datafield>
  <datafield tag="245" ind1="0" ind2="0">
    <subfield code="a">TAFSIR SAINTIFIK AL-QURAN :</subfield>
    <subfield code="b">Penerokaan Sains yang Diintegrasikan dengan Wahyu /</subfield>
    <subfield code="c">Muhammad Widus Sempo</subfield>
  </datafield>
  <datafield tag="264" ind1=" " ind2="1">
    <subfield code="a">Bandar Baru Nilai, Negeri Sembilan :</subfield>
    <subfield code="b">PENERBIT USIM, Universiti Sains Islam Malaysia,</subfield>
    <subfield code="c">2019</subfield>
  </datafield>
  <datafield tag="300" ind1=" " ind2=" ">
    <subfield code="a">viii, 184 pages :</subfield>
    <subfield code="b">illustrations ;</subfield>
    <subfield code="c">23 cm</subfield>
  </datafield>
  <datafield tag="336" ind1=" " ind2=" ">
    <subfield code="2">rdacontent</subfield>
    <subfield code="a">text</subfield>
  </datafield>
  <datafield tag="337" ind1=" " ind2=" ">
    <subfield code="2">rdamedia</subfield>
    <subfield code="a">unmediated</subfield>
  </datafield>
  <datafield tag="338" ind1=" " ind2=" ">
    <subfield code="2">rdacarrier</subfield>
    <subfield code="a">volume</subfield>
  </datafield>
  <datafield tag="500" ind1=" " ind2=" ">
    <subfield code="a">Includes index</subfield>
  </datafield>
  <datafield tag="504" ind1=" " ind2=" ">
    <subfield code="a">Bibliography pages : [173]-182</subfield>
  </datafield>
  <datafield tag="520" ind1=" " ind2=" ">
    <subfield code="a">Adakah al-Quran kitab sains? Bagaimanakah kedudukan tafsir saintifik al-Quran di mata para ulama? Adakah boleh melakukan copy paste atau short cut kepada huraian-huraian sains yang banyak dijumpai dalam pelbagai media massa dan kemudian diambil sebagai tafsiran terhadap ayat-ayat al-Quran? Kesemua soalan ini menanti jawapan. Buku ini menjawab kesemua soalan tersebut dan masalah lain yang sering dipertikaikan dalam dunia akademik berkaitan tafsir saintifik al-Quran.</subfield>
  </datafield>
  <datafield tag="650" ind1="1" ind2="0">
    <subfield code="a">Koran and sciences</subfield>
  </datafield>
  <datafield tag="650" ind1="2" ind2="0">
    <subfield code="a">Qur'an </subfield>
    <subfield code="v">Criticism, interpretation, etc.</subfield>
  </datafield>
  <datafield tag="650" ind1="2" ind2="0">
    <subfield code="a">Qur'an</subfield>
    <subfield code="v">Translating</subfield>
  </datafield>
  <datafield tag="650" ind1="2" ind2="0">
    <subfield code="a">Governmet publications</subfield>
    <subfield code="z">Malaysia</subfield>
  </datafield>
  <datafield tag="942" ind1=" " ind2=" ">
    <subfield code="2">ddc</subfield>
    <subfield code="c">B</subfield>
  </datafield>
  <datafield tag="952" ind1=" " ind2=" ">
    <subfield code="0">0</subfield>
    <subfield code="7">0</subfield>
    <subfield code="b">PPAK</subfield>
    <subfield code="c">G</subfield>
    <subfield code="d">2019-09-25</subfield>
    <subfield code="l">1</subfield>
    <subfield code="m">1</subfield>
    <subfield code="o">297.12261 MUH</subfield>
    <subfield code="p">A01615492</subfield>
    <subfield code="r">2022-12-04 00:00:00</subfield>
    <subfield code="s">2022-09-14</subfield>
    <subfield code="y">B</subfield>
  </datafield>
  <datafield tag="952" ind1=" " ind2=" ">
    <subfield code="0">0</subfield>
    <subfield code="7">0</subfield>
    <subfield code="b">SP</subfield>
    <subfield code="c">G</subfield>
    <subfield code="d">2019-09-25</subfield>
    <subfield code="o">297.12261 MUH</subfield>
    <subfield code="p">A01615493</subfield>
    <subfield code="r">2019-09-25 00:00:00</subfield>
    <subfield code="y">B</subfield>
  </datafield>
  <datafield tag="952" ind1=" " ind2=" ">
    <subfield code="0">0</subfield>
    <subfield code="7">0</subfield>
    <subfield code="b">KM</subfield>
    <subfield code="c">G</subfield>
    <subfield code="d">2019-09-25</subfield>
    <subfield code="o">297.12261 MUH</subfield>
    <subfield code="p">A01615494</subfield>
    <subfield code="r">2019-09-25 00:00:00</subfield>
    <subfield code="y">B</subfield>
  </datafield>
  <datafield tag="952" ind1=" " ind2=" ">
    <subfield code="0">0</subfield>
    <subfield code="7">0</subfield>
    <subfield code="b">JT</subfield>
    <subfield code="c">G</subfield>
    <subfield code="d">2019-09-25</subfield>
    <subfield code="l">1</subfield>
    <subfield code="o">297.12261 MUH</subfield>
    <subfield code="p">A01615495</subfield>
    <subfield code="r">2025-02-26 17:20:23</subfield>
    <subfield code="s">2025-02-03</subfield>
    <subfield code="y">B</subfield>
  </datafield>
  <datafield tag="952" ind1=" " ind2=" ">
    <subfield code="0">0</subfield>
    <subfield code="7">0</subfield>
    <subfield code="b">LW</subfield>
    <subfield code="c">G</subfield>
    <subfield code="d">2019-09-25</subfield>
    <subfield code="o">297.12261 MUH</subfield>
    <subfield code="p">A01615496</subfield>
    <subfield code="r">2019-09-25 00:00:00</subfield>
    <subfield code="y">B</subfield>
  </datafield>
</record>
